<?xml version="1.0" encoding="UTF-8"?>
<record
    xmlns:xsi="http://www.w3.org/2001/XMLSchema-instance"
    xsi:schemaLocation="http://www.loc.gov/MARC21/slim http://www.loc.gov/standards/marcxml/schema/MARC21slim.xsd"
    xmlns="http://www.loc.gov/MARC21/slim">

  <leader>03406cam a2200325   4500500</leader>
  <controlfield tag="005">20260517000312.0</controlfield>
  <datafield tag="041" ind1=" " ind2=" ">
    <subfield code="a">fre</subfield>
  </datafield>
  <datafield tag="042" ind1=" " ind2=" ">
    <subfield code="a">dc</subfield>
  </datafield>
  <datafield tag="100" ind1="1" ind2="0">
    <subfield code="a">Cojan, Bruno</subfield>
    <subfield code="e">author</subfield>
  </datafield>
  <datafield tag="700" ind1="1" ind2="0">
    <subfield code="a">Fanello, Serge</subfield>
    <subfield code="e">author</subfield>
  </datafield>
  <datafield tag="245" ind1="0" ind2="0">
    <subfield code="a">Dispositif mobile de d&#xE9;pistage des infections sexuellement transmissibles chez les travailleurs saisonniers en Savoie&#xA0;: int&#xE9;r&#xEA;t et perspectives</subfield>
  </datafield>
  <datafield tag="260" ind1=" " ind2=" ">
    <subfield code="c">2009.
							</subfield>
  </datafield>
  <datafield tag="500" ind1=" " ind2=" ">
    <subfield code="a">20</subfield>
  </datafield>
  <datafield tag="520" ind1=" " ind2=" ">
    <subfield code="a">R&#xE9;sum&#xE9;La consultation de d&#xE9;pistage anonyme et gratuit (CDAG) de l&#x2019;h&#xF4;pital de Chamb&#xE9;ry a mis en place une antenne mobile qui effectue un d&#xE9;pistage du VIH et des infections sexuellement transmissibles (IST) aupr&#xE8;s des travailleurs saisonniers des stations de ski de Savoie. Pour &#xE9;valuer cette antenne mobile, des informations ont &#xE9;t&#xE9; recueillies gr&#xE2;ce &#xE0; un questionnaire rempli par 539 personnes accueillies au sein de l&#x2019;antenne mobile dans 11&#xA0;stations de ski de Savoie du 1er f&#xE9;vrier au 1er avril 2007, et &#xE0; 63 entretiens avec des partenaires locaux, r&#xE9;gionaux et nationaux. Les personnes accueillies sont majoritairement des saisonniers (92&#xA0;%) et viennent pour le d&#xE9;pistage du VIH et des IST (95&#xA0;%). En 2007, le d&#xE9;pistage du VIH n&#x2019;a produit aucun r&#xE9;sultat positif et trois IST ont &#xE9;t&#xE9; diagnostiqu&#xE9;es. L&#x2019;antenne mobile est un des rares contacts des saisonniers avec le syst&#xE8;me de soins. Les r&#xE9;sultats de l&#x2019;&#xE9;tude incitent au rattachement de l&#x2019;antenne &#xE0; un guichet social unique pour les saisonniers, comprenant la pr&#xE9;vention des conduites &#xE0; risques, reposant sur les structures telles que les &#xAB;&#xA0;espaces saisonniers&#xA0;&#xBB;, et le concours de saisonniers relais.</subfield>
  </datafield>
  <datafield tag="520" ind1=" " ind2=" ">
    <subfield code="a">Mobile screening unit for HIV and STI among seasonal workers in the ski resorts of Savoy, France: interest and perspectivesSeasonal workers in 11 Savoy ski resorts were screened for HIV and sexually transmitted infections by a special mobile unit set up by the Chambery hospital. The service is free and anonymous. In order to evaluate this initiative, information was collected via a survey conducted of the 539 people who used the services of the mobile unit between February 1st and April 1st 2007 through the use of a questionnaire. In addition, sixty-three interviews were conducted with local, regional and national partners. Ninety-two percent of the clients were seasonal workers and their main request (95%) was for HIV and STI testing. None tested positive for HIV, and only three had an STI. This unit is the main entry point into the health system for this population. The results of the evaluation report support the recommendation for the mobile unit to be positioned as an important social focal point for seasonal workers, providing the prevention for high-risk behaviors, closely linked to the structures of &#x201C;seasonal workers homes&#x201D; and employing seasonal workers peer educators.</subfield>
  </datafield>
  <datafield tag="690" ind1=" " ind2=" ">
    <subfield code="a">CDAG</subfield>
  </datafield>
  <datafield tag="690" ind1=" " ind2=" ">
    <subfield code="a">d&#xE9;postage</subfield>
  </datafield>
  <datafield tag="690" ind1=" " ind2=" ">
    <subfield code="a">maladie sexuellement transmissible</subfield>
  </datafield>
  <datafield tag="690" ind1=" " ind2=" ">
    <subfield code="a">travail saisonnier</subfield>
  </datafield>
  <datafield tag="690" ind1=" " ind2=" ">
    <subfield code="a">unit&#xE9; mobile</subfield>
  </datafield>
  <datafield tag="690" ind1=" " ind2=" ">
    <subfield code="a">VIH</subfield>
  </datafield>
  <datafield tag="690" ind1=" " ind2=" ">
    <subfield code="a">CDAG (anonymous and free screening consultation)</subfield>
  </datafield>
  <datafield tag="690" ind1=" " ind2=" ">
    <subfield code="a">HIV</subfield>
  </datafield>
  <datafield tag="690" ind1=" " ind2=" ">
    <subfield code="a">mobile unit</subfield>
  </datafield>
  <datafield tag="690" ind1=" " ind2=" ">
    <subfield code="a">screening</subfield>
  </datafield>
  <datafield tag="690" ind1=" " ind2=" ">
    <subfield code="a">seasonal work</subfield>
  </datafield>
  <datafield tag="690" ind1=" " ind2=" ">
    <subfield code="a">STI</subfield>
  </datafield>
  <datafield tag="786" ind1="0" ind2=" ">
    <subfield code="n">Sant&#xE9; Publique | 21 | 3 | 2009-08-11 | p. 287-295 | 0995-3914</subfield>
  </datafield>
  <datafield tag="856" ind1="4" ind2="1">
    <subfield code="u">https://stm.cairn.info/revue-sante-publique-2009-3-page-287?lang=fr&amp;redirect-ssocas=7080</subfield>
  </datafield>
  <datafield tag="999" ind1=" " ind2=" ">
    <subfield code="c">2231143</subfield>
    <subfield code="d">2231143</subfield>
  </datafield>
</record>
